Statistics for Geography tile select (#2)

Click here to take the quiz!

General Stats

  • This quiz has been taken 41 times
  • The average score is 47 of 60

Answer Stats

QuestionTileSelect% Correct
countries that were formerly part of YugoslaviaArmeniaNo
97%
deserts in AfricaDeath ValleyNo
97%
deserts in AfricaStrzeleckiNo
97%
cities on the Mediterranean coastBakuNo
94%
provinces of New ZealandGranadaNo
94%
deserts in AfricaIndus ValleyNo
94%
provinces of New ZealandPretoriaNo
94%
deserts in AfricaSaharaYes
94%
provinces of New ZealandCatalinaNo
92%
countries that were formerly part of YugoslaviaCroatiaYes
92%
provinces of New ZealandManitobaNo
92%
deserts in AfricaMojaveNo
92%
cities on the Mediterranean coastMombasaNo
92%
deserts in AfricaNullarborNo
92%
cities on the Mediterranean coastRigaNo
92%
countries that were formerly part of YugoslaviaRomaniaNo
92%
deserts in AfricaAtacamaNo
89%
cities on the Mediterranean coastJeddahNo
89%
deserts in AfricaKalahariYes
89%
countries that were formerly part of YugoslaviaKosovoYes
89%
states of the Federated States of MicronesiaMacauNo
89%
countries that were formerly part of YugoslaviaMoldovaNo
89%
deserts in AfricaNamibYes
89%
countries that were formerly part of YugoslaviaSloveniaYes
89%
provinces of New ZealandTasmaniaNo
89%
cities on the Mediterranean coastAlexandriaYes
86%
states of the Federated States of MicronesiaBaffinNo
86%
countries that were formerly part of YugoslaviaCzechiaNo
86%
countries that were formerly part of YugoslaviaBulgariaNo
83%
states of the Federated States of MicronesiaFormosaNo
83%
deserts in AfricaGobiNo
83%
cities on the Mediterranean coastLisbonNo
83%
countries that were formerly part of YugoslaviaMontenegroYes
83%
cities on the Mediterranean coastTripoliYes
83%
countries that were formerly part of YugoslaviaAlbaniaNo
81%
provinces of New ZealandHawke's BayYes
81%
provinces of New ZealandZeelandNo
81%
countries that were formerly part of YugoslaviaNorth MacedoniaYes
78%
cities on the Mediterranean coastOdessaNo
78%
cities on the Mediterranean coastVallettaYes
78%
cities on the Mediterranean coastBeirutYes
75%
provinces of New ZealandBougainvilleNo
75%
countries that were formerly part of YugoslaviaSlovakiaNo
75%
provinces of New ZealandSouthlandYes
75%
cities on the Mediterranean coastTel AvivYes
75%
states of the Federated States of MicronesiaMindanaoNo
69%
states of the Federated States of MicronesiaNuukNo
69%
provinces of New ZealandNelsonYes
67%
provinces of New ZealandOtagoYes
64%
provinces of New ZealandWestlandYes
61%
states of the Federated States of MicronesiaMuranoNo
58%
states of the Federated States of MicronesiaYapYes
56%
states of the Federated States of MicronesiaPohnpeiYes
53%
states of the Federated States of MicronesiaKosraeYes
50%
states of the Federated States of MicronesiaChuukYes
47%
cities on the Mediterranean coastIstanbulNo
47%
deserts in AfricaKarooYes
47%
states of the Federated States of MicronesiaRarotongaNo
47%
states of the Federated States of MicronesiaKauaʻiNo
36%
deserts in AfricaNyiriYes
22%

Score Distribution

Percentile by Number Answered

Percent of People with Each Score

Your Score History

You have not taken this quiz